A rope's-end for hempen monopolists, or, A dialogue between a broker, a rope-maker, and the ghost of Jonas Hanway, Esquire : in which are represented the pernicious effects of the rise in the price of hemp /

Bibliographic Details
Main Author: Reed, Joseph, 1723-1787
Format: eBook
Language:English
Series:Making of the modern world (Goldsmiths'-Kress Library of Economic Literature)
Subjects:
Online Access:Connect to the full text of this electronic book

MARC

Tag First Indicator Second Indicator Subfields
LEADER 00000cam a2200000Ia 4500
001 in00002303921
005 20190326200946.0
006 m | d |
007 cr |n||||||||n
008 900530s1786 enk s 000 0 eng d
010 |a nuc87700926  
040 |a ResP  |c GKS  |d RQM  |d GKS  |d OCLCQ  |d Thomson Gale  |d UtOrBLW 
043 |a e-uk--- 
050 1 4 |a HB161  |b .G64 no. 13178 
082 0 4 |a 330  |b G62 
100 1 |a Reed, Joseph,  |d 1723-1787. 
245 1 2 |a A rope's-end for hempen monopolists, or, A dialogue between a broker, a rope-maker, and the ghost of Jonas Hanway, Esquire :  |b in which are represented the pernicious effects of the rise in the price of hemp /  |c by a halter-maker, at the service of all monopolists. 
264 3 |a London :  |b Printed for J. Sewell [etc.],  |c [1786] 
300 |a 24 pages ;  |c octavo. 
336 |a text  |b txt  |2 rdacontent 
337 |a computer  |b c  |2 rdamedia 
338 |a online resource  |b cr  |2 rdacarrier 
500 |a Reproduction of original from Goldsmiths' Library, University of London. 
500 |a Goldsmiths'-Kress number 13178. 
510 4 |a OCLC,  |c 21626840 
533 |a Electronic reproduction.  |b Farmington Hills, Mich. :  |c Thomson Gale,  |d 2005.  |f (The making of the modern world).  |n Available via the World Wide Web.  |n Access limited to licensing agreements.  |7 s2005 miunns 
500 |a Electronic resource. 
600 1 0 |a Hanway, Jonas,  |d 1712-1786. 
650 0 |a Rope trade  |z Great Britain  |x History  |y 18th century. 
650 0 |a Hemp industry  |x History  |y 18th century. 
650 0 |a Ropemakers  |x History  |y 18th century. 
650 0 |a Hemp  |x Prices  |z Great Britain. 
655 0 |a Electronic books. 
740 0 |a Dialogue between a broker, a rope-maker, and the ghost of Jonas Hanway, Esquire. 
830 0 |a Making of the modern world (Goldsmiths'-Kress Library of Economic Literature) 
856 4 0 |u http://proxy.library.tamu.edu/login?url=http://galenet.galegroup.com/servlet/MOME?af=RN&ae=U102047861&srchtp=a&ste=14&locID=txshracd2898  |z Connect to the full text of this electronic book  |t 0 
999 |a MARS 
999 f f |s 07ee46bb-97d9-3ec9-9a9f-0e8c89e9fe8e  |i 28dd4618-3909-3447-b0de-2cb76652932f  |t 0 
952 f f |a Texas A&M University  |b College Station  |c Electronic Resources  |d Available Online  |t 0  |e HB161 .G64 no. 13178  |h Library of Congress classification 
998 f f |a HB161 .G64 no. 13178  |t 0  |l Available Online